00986cam a22002895i 450000100090000000300040000900500170001300800410003001000170007102000240008802000150011202000240012702000150015102500430016603500240020903500220023303700530025504000320030804200210034008200200036124501560038126400500053730000280058733600260061533700280064133800270066921102117OSt20190918115921.0190716s2019 ii 000 0 eng d a 2019335757 a9789351483526q(HB) a9351483525 a9789351483533q(PB) a9351483533 aI-E-2019335757 ; 13-90 ; 61-90 ; 68-90 a(OCoLC)on1108812674 a(OCoLC)1108812674 bLibrary of Congress -- New Delhi Overseas Office aDKAGEbengerdacDKAGEdDLC alccopycatalcode 223a305 bW217H00aYour history is not our story :bre-imaging colonial historiography of tribals and Christianity in North East India /cWalotemjen & Songram Basumatary. 1aNew Delhi :bChristian World Imprints,c2019. axii, 203 pages ;c24 cm atextbtxt2rdacontent aunmediatedbn2rdamedia avolumebnc2rdacarrier